| 000 | 01143cam a2200337 a 4500 | ||
|---|---|---|---|
| 001 | 59115 | ||
| 003 | CO-BoRNBP | ||
| 005 | 20250910140355.0 | ||
| 007 | ta | ||
| 008 | 041217s2005 ck a r 00011 spa d | ||
| 020 | _a9789583016424 | ||
| 040 |
_aCO-BoBLA _bspa _cCO-BoBLA |
||
| 041 | 0 | _aspa | |
| 043 |
_acl----- _as-ck--- |
||
| 082 | 0 | 4 |
_a398.209861 _bA52h _220 ed. |
| 100 | 1 |
_aAndricaín, Sergio. _d1956- |
|
| 245 | 1 | 0 |
_aHace muchísimo tiempo : _bcuentos, mitos y leyendas de América Latina / _cSergio Andricaín ; ilustraciones Esperanza Vallejo. |
| 250 | _a1a. edición | ||
| 300 |
_a136 p. : _bil. ; _c21 cm. |
||
| 336 |
_2rdacontent _atexto _btxt |
||
| 337 |
_2rdamedia _asin mediación _bn |
||
| 338 |
_2rdacarrier _avolumen _bnc |
||
| 650 | 7 |
_aMitología latinoamericana. _2BLAAUTO _933812 |
|
| 650 | 7 |
_aMitología colombiana. _2BLAAUTO _914993 |
|
| 650 | 7 |
_aLeyendas latinoamericanas. _2BLAAUTO _912659 |
|
| 650 | 7 |
_aLeyendas colombianas. _2BLAAUTO _922474 |
|
| 700 | 1 |
_aVallejo Jaramillo, Esperanza, _d1951- _eil. _960233 |
|
| 830 | 0 | _aPrograma de catalogación en la publicación | |
| 942 |
_2ddc _cBK |
||
| 949 |
_ac _bn |
||
| 999 |
_c59115 _d59115 |
||